Técnica conspirativa y técnica cultural en la organización obrera /

Tallennettuna:
Bibliografiset tiedot
Päätekijä: León, Lorenzo (autor)
Aineistotyyppi: Kirja
Kieli:espanja
Julkaistu: Jalapa, México : Universidad Veracruzana, 1984, c1984
Sarja:(Humanidades Universidad Veracruzana)
Aiheet:
Tagit: Lisää tagi
Ei tageja, Lisää ensimmäinen tagi!

MARC

LEADER 00000nam^a2200000^a^4500
001 000187611
005 20250521000000.0
009 20260310102307.018
037 |a Acervo ITESO - Biblioteca 
041 |a ESP 
082 |a 322. 31  |b LEO 
100 |a León, Lorenzo  |e (autor) 
245 1 0 |a Técnica conspirativa y técnica cultural en la organización obrera /  |c L. León. 
246 2 |a Título en la cubierta: Técnica conspirativa y técnica cultural en la organización obrera: introducción a un estudio de las redacciones en México 
264 4 |a Jalapa, México :  |b Universidad Veracruzana,  |c 1984, c1984 
300 |a 133 p. 
336 |a texto  |b txt  |2 rdacontenido 
337 |a sin mediación  |b n  |2 rdamedio 
338 |a volumen  |b nc  |2 rdasoporte 
440 1 |a (Humanidades Universidad Veracruzana) 
649 |a XX 
650 |a Periódicos -  |z México (Ciudad) 
650 |a Sindicalismo -  |z México (Ciudad) 
650 |a Prensa -  |z México (Ciudad) 
650 |a Periodismo -  |z México (Ciudad) 
650 |a Medios Impresos -  |z México (Ciudad) 
650 |a Medios de Comunicación -  |z México (Ciudad) 
650 |a Comunicación Masiva -  |z México (Ciudad) 
650 |a Comunicación y Política -  |z México (Ciudad) 
650 |a Comunicación y Política -  |z México 
650 |a Partidos de Izquierda -  |z México 
650 |a Izquierda, La -  |z México 
650 |a Marxismo 
650 |a Sociología de la Comunicación 
910 |a Fondo General 
920 |a Impresos - Libros 
930 |a Colección General 
905 |a 101 
901 |a 0500129962  |b IT1  |c ACC  |u 20250521 
902 |a https://opac.biblio.iteso.mx/vufind/Record/000187611